000 00668cam a22002051 4500
001 l 57000044
003 DLC
005 20260227111545.0
008 850722s1957 dcua f000 0 eng c
010 _al 57000044
035 _a(OCoLC)12292178
040 _aU.S. Dept. of Labor
_cCLU
_dDLC
042 _apremarc
050 0 0 _aHD4835.U4
_bA5 1957
110 1 _aUnited States.
_bDepartment of Labor.
_bOffice of Personnel Administration.
245 1 0 _aCareers in the U.S. Department of Labor.
260 _a[Washington,
_bU.S. Govt. Print. Off.,
_c1957]
300 _a18 p.
_billus.
_c23 cm.
610 1 0 _aUnited States.
_bDepartment of Labor
_xOfficials and employees.
999 _c36942
_d36942